[Event "21st World Senior Chess Championship"]
[Site "Opatija"]
[Date "2011.11.15"]
[Round "1.1"]
[White "Neumann, Joachim"]
[Black "Vaisser, Anatoly"]
[Result "0-1"]
[WhiteElo "2134"]
[BlackElo "2555"]
[PlyCount "132"]
[EventDate "2011.11.15"]

1. c4 g6 2. g3 Bg7 3. Bg2 e5 4. Nc3 d6 5. d3 f5 6. e4 Nf6 7. Nge2 O-O 8. O-O f4
9. gxf4 Nh5 10. f5 gxf5 11. Ng3 Nf4 12. Bxf4 exf4 13. Nxf5 Bxf5 14. exf5 Nc6
15. Be4 Qh4 16. Kh1 Nd4 17. Rg1 f3 18. Qd2 Kh8 19. Qg5 Qxg5 20. Rxg5 c6 21.
Rag1 Rf7 22. R1g3 Re8 23. Bxf3 Bf6 24. Rh5 Re1+ 25. Kg2 Be5 26. Rg4 Rxf5 27.
Rxf5 Nxf5 28. Be4 Nh6 29. Rh4 Kg7 30. f4 Bd4 31. Rh3 Rg1+ 32. Kf3 Rf1+ 33. Kg3
Rf2 34. Bf3 Nf5+ 35. Kg4 Ne3+ 36. Kg3 Nf1+ 37. Kh4 Rxb2 38. Ne4 Rxa2 39. Nxd6
Bf6+ 40. Kg4 Ne3+ 41. Kg3 Be7 42. Nxb7 a5 43. Bxc6 a4 44. Kf3 Nf1 45. c5 a3 46.
Bd5 Rb2 47. c6 a2 48. Bxa2 Rxa2 49. Ke4 Rc2 50. Kd5 Nxh2 51. d4 Ng4 52. Ke6
Rxc6+ 53. Kxe7 Rc7+ 54. Kd6 Rxb7 55. Kc6 Rf7 56. d5 Rxf4 57. d6 Ne5+ 58. Kd5
Nf7 59. Rg3+ Kf8 60. Rh3 h6 61. Ke6 Rd4 62. d7 Rd6+ 63. Kf5 Rxd7 64. Kg6 Rd6+
65. Kf5 Kg7 66. Rg3+ Ng5 0-1

[Event "21st World Senior Chess Championship"]
[Site "Opatija"]
[Date "2011.11.15"]
[Round "1.3"]
[White "Toefferl, Heimo"]
[Black "Rashkovsky, Atalyk"]
[Result "0-1"]
[WhiteElo "2125"]
[BlackElo "2517"]
[PlyCount "60"]
[EventDate "2011.11.15"]

1. d4 Nf6 2. c4 e6 3. Nc3 Bb4 4. e3 Nc6 5. Bd3 e5 6. Nge2 d5 7. cxd5 Nxd5 8.
O-O exd4 9. exd4 O-O 10. Qc2 h6 11. Nxd5 Qxd5 12. Be3 Bd6 13. a3 Be6 14. Rad1
Ne7 15. Ng3 c6 16. f4 f5 17. Rfe1 Rae8 18. Bf2 Bxf4 19. Rxe6 Qxe6 20. Re1 Qd7
21. Nxf5 Nxf5 22. Rxe8 Qxe8 23. Bxf5 Be3 24. Qb3+ Kh8 25. Qxe3 Qxe3 26. Bxe3
Rxf5 27. Bd2 Kg8 28. g4 Rf3 29. Kg2 Rd3 30. Bc3 g5 0-1

[Event "21st World Senior Chess Championship"]
[Site "Opatija"]
[Date "2011.11.15"]
[Round "1.4"]
[White "Timoscenko, Gennadij"]
[Black "Rakhimbediyev, Atalyk"]
[Result "1-0"]
[WhiteElo "2483"]
[BlackElo "2120"]
[PlyCount "81"]
[EventDate "2011.11.15"]

1. d4 g6 2. e4 Bg7 3. c4 d6 4. Nc3 Nc6 5. Be3 e5 6. d5 Nd4 7. Nge2 Bg4 8. f3
Nxe2 9. Bxe2 Bd7 10. c5 dxc5 11. Bxc5 b6 12. Be3 a6 13. O-O Ne7 14. d6 cxd6 15.
Qxd6 Nc8 16. Qd5 Ra7 17. Rfd1 O-O 18. Bxa6 Ne7 19. Qd3 Nc6 20. Bc4 Nd4 21. Ne2
Be6 22. Bxe6 fxe6 23. Nxd4 exd4 24. Bd2 e5 25. a4 g5 26. g4 Qe8 27. b4 h5 28.
h3 Bf6 29. a5 bxa5 30. bxa5 Rh7 31. a6 Rff7 32. Rdb1 hxg4 33. hxg4 Qf8 34. Kg2
Bd8 35. Qb3 Kh8 36. Rh1 Rxh1 37. Rxh1+ Kg7 38. Qe6 Bf6 39. Qf5 Qe7 40. Rh7+ Kf8
41. Qc8+ 1-0

[Event "21st World Senior Chess Championship"]
[Site "Opatija"]
[Date "2011.11.15"]
[Round "1.5"]
[White "Khazankin, Moisei"]
[Black "Kovacevic, Vlatko"]
[Result "0-1"]
[WhiteElo "2118"]
[BlackElo "2482"]
[PlyCount "56"]
[EventDate "2011.11.15"]

1. e4 Nf6 2. Nc3 d5 3. e5 Nfd7 4. d4 e6 5. Nf3 c5 6. Bb5 Nc6 7. Be3 cxd4 8.
Bxd4 a6 9. Ba4 Be7 10. O-O O-O 11. Re1 Qc7 12. Bb3 b5 13. Qd2 Nxd4 14. Qxd4 Bb7
15. a4 b4 16. Na2 a5 17. c3 Nc5 18. Qd1 Qb6 19. Nd4 Nxb3 20. Nxb3 bxc3 21. Nxc3
Ba6 22. Re3 d4 23. Qxd4 Qxb3 24. Qg4 Rfc8 25. Rg3 g6 26. Rb1 Qc2 27. Rd1 Rab8
28. Ne4 Be2 0-1

[Event "21st World Senior Chess Championship"]
[Site "Opatija"]
[Date "2011.11.15"]
[Round "1.6"]
[White "Hulak, Krunoslav"]
[Black "Sobeck, Guenter"]
[Result "1-0"]
[WhiteElo "2480"]
[BlackElo "2104"]
[PlyCount "115"]
[EventDate "2011.11.15"]

1. d4 Nf6 2. c4 e6 3. Nf3 b6 4. g3 Ba6 5. b3 c6 6. Bg2 d5 7. Nbd2 Be7 8. O-O
O-O 9. Ne5 Nfd7 10. Nd3 Bf6 11. Bb2 Bb7 12. e4 c5 13. e5 Be7 14. Qe2 cxd4 15.
cxd5 Bxd5 16. Bxd5 exd5 17. Nf3 Nc6 18. Nxd4 Nxd4 19. Bxd4 Nc5 20. Rad1 Rc8 21.
Bb2 Nxd3 22. Rxd3 Rc6 23. Rfd1 Qc7 24. Rxd5 Rc2 25. R5d2 Rxd2 26. Rxd2 Bb4 27.
Rd4 Bc5 28. Rd5 Re8 29. Qd3 a5 30. Rd7 Qc6 31. Qf5 Qg6 32. Qxg6 hxg6 33. Kf1
Kf8 34. f4 Re6 35. Rc7 Ke8 36. Bc3 Be7 37. Bd4 Bd8 38. Rc2 Kd7 39. Ke2 Be7 40.
Kd3 Bb4 41. Ke4 b5 42. Kd5 Ra6 43. a4 bxa4 44. bxa4 Re6 45. g4 Ra6 46. h3 Re6
47. Bc5 Rc6 48. Rc4 Bd2 49. f5 gxf5 50. gxf5 Rh6 51. Bd6 Kd8 52. Rg4 Rxh3 53.
Rxg7 Rd3+ 54. Kc4 Rc3+ 55. Kd4 Rf3 56. Rxf7 Bb4 57. Bxb4 axb4 58. f6 1-0

[Event "21st World Senior Chess Championship"]
[Site "Opatija"]
[Date "2011.11.15"]
[Round "1.8"]
[White "Suba, Mihai"]
[Black "Emeljashin, Yury"]
[Result "1-0"]
[WhiteElo "2458"]
[BlackElo "2101"]
[PlyCount "159"]
[EventDate "2011.11.15"]

1. c4 Nf6 2. Nc3 c6 3. e4 d6 4. Nf3 Bg4 5. Be2 e5 6. d4 Qc7 7. O-O Be7 8. Be3
Nbd7 9. d5 c5 10. Nd2 Bxe2 11. Qxe2 O-O 12. a3 a6 13. Rfc1 Rfb8 14. b4 Bf8 15.
Rab1 b6 16. f3 g6 17. Nb3 Bg7 18. Nd1 Ne8 19. Nf2 f5 20. bxc5 bxc5 21. exf5
gxf5 22. Qc2 f4 23. Bd2 a5 24. Bc3 a4 25. Nd2 Qa7 26. Nfe4 h6 27. Rxb8 Rxb8 28.
Rb1 Rb6 29. Rxb6 Nxb6 30. Qb1 Qa6 31. Qb5 Qxb5 32. cxb5 Nxd5 33. Nc4 Bf8 34. b6
Nef6 35. b7 Nd7 36. Ba5 Kf7 37. Ncxd6+ Bxd6 38. Nxd6+ Ke6 39. Ne4 Nb8 40. Nxc5+
Kd6 41. Nxa4 Kc6 42. Nc3 Ne3 43. Ne4 Kxb7 44. Nd6+ Ka6 45. Bd2 Nc2 46. a4 Nd7
47. Nc4 Nd4 48. Kf2 Nc6 49. g3 fxg3+ 50. hxg3 h5 51. Bc3 Nc5 52. Ke3 Nxa4 53.
Bxe5 Kb5 54. Nd6+ Kc5 55. Ne4+ Kd5 56. Ba1 Nb6 57. Nf6+ Ke6 58. Nxh5 Kf5 59.
g4+ Kg5 60. Bf6+ Kg6 61. Ke4 Nd7 62. Bc3 Kg5 63. Kd5 Na7 64. Ke6 Nc5+ 65. Kf7
Nb5 66. Bf6+ Kh6 67. Nf4 Kh7 68. Ke7 Nb3 69. Ne6 Nd2 70. f4 Ne4 71. Be5 Nbc3
72. Nf8+ Kh6 73. g5+ Kh5 74. Bxc3 Nxc3 75. g6 Nd5+ 76. Kf7 Kh6 77. g7 Ne7 78.
Kxe7 Kxg7 79. f5 Kg8 80. Ne6 1-0

[Event "21st World Senior Chess Championship"]
[Site "Opatija"]
[Date "2011.11.15"]
[Round "1.9"]
[White "Vrhovnik, Damir"]
[Black "Komljenovic, Davorin"]
[Result "0-1"]
[WhiteElo "2099"]
[BlackElo "2451"]
[PlyCount "86"]
[EventDate "2011.11.15"]

1. Nf3 g6 2. c4 Bg7 3. d4 c5 4. Nc3 cxd4 5. Nxd4 Nc6 6. Nxc6 bxc6 7. e4 d6 8.
Be2 Nf6 9. O-O O-O 10. Be3 Nd7 11. Qd2 Nc5 12. f3 Ne6 13. Rab1 a5 14. Rfd1 c5
15. Bf1 Nd4 16. Ne2 e5 17. Bh6 Bxh6 18. Qxh6 f5 19. Nxd4 exd4 20. Bd3 Qf6 21.
exf5 Bxf5 22. Bxf5 Qxf5 23. Qd2 Rfe8 24. Re1 a4 25. Rbd1 Rab8 26. Re2 Rxe2 27.
Qxe2 Qe5 28. Qxe5 dxe5 29. Rb1 Kf7 30. Kf2 Ke6 31. Ke2 Kf5 32. Kd3 Kf4 33. b3
g5 34. Kc2 axb3+ 35. axb3 Ra8 36. Kd3 Ra3 37. Rb2 g4 38. fxg4 e4+ 39. Ke2 Kxg4
40. b4 cxb4 41. c5 Kf4 42. c6 Rc3 43. Rxb4 d3+ 0-1

[Event "21st World Senior Chess Championship"]
[Site "Opatija"]
[Date "2011.11.15"]
[Round "1.11"]
[White "Gazvoda, Franc"]
[Black "Fradkin, Boris"]
[Result "0-1"]
[WhiteElo "2093"]
[BlackElo "2445"]
[PlyCount "80"]
[EventDate "2011.11.15"]

1. e4 c6 2. d4 d5 3. Nc3 dxe4 4. Nxe4 Nd7 5. Ng5 Ngf6 6. Bd3 Nb6 7. c3 h6 8.
Ne4 e6 9. Nf3 Nxe4 10. Bxe4 Bd6 11. O-O Qf6 12. Re1 Bd7 13. a4 O-O 14. Ne5 Qe7
15. Bc2 Be8 16. Qd3 f5 17. Bb3 Bxe5 18. Rxe5 Bf7 19. Qe2 Rfe8 20. Bc2 Nd7 21.
Re3 Qd6 22. Rg3 e5 23. Bxf5 exd4 24. Qf1 Nf6 25. cxd4 Qxd4 26. Bxh6 Nh5 27. Rg4
Qf6 28. Bc2 Qxh6 29. Qd3 Rad8 30. Qc3 Qd2 31. Bb3 Qxc3 32. Bxf7+ Kxf7 33. bxc3
Rd2 34. Rb4 b6 35. g4 Nf6 36. Rf4 Re4 37. Rxe4 Nxe4 38. a5 Nxc3 39. axb6 axb6
40. Ra7+ Kf6 0-1

[Event "21st World Senior Chess Championship"]
[Site "Opatija"]
[Date "2011.11.15"]
[Round "1.12"]
[White "Balashov, Yuri S"]
[Black "Bejleri, Medi"]
[Result "1-0"]
[WhiteElo "2443"]
[BlackElo "2092"]
[PlyCount "59"]
[EventDate "2011.11.15"]

1. d4 Nf6 2. Nf3 e6 3. c4 d5 4. Nc3 Be7 5. Bg5 O-O 6. e3 b6 7. Rc1 Nbd7 8. cxd5
exd5 9. Bd3 h6 10. Bf4 c5 11. O-O a6 12. Ne5 Bb7 13. Qf3 b5 14. Bf5 cxd4 15.
exd4 Nb6 16. Ne2 Nc4 17. Ng3 Qb6 18. Bb1 Nd6 19. Qd3 Rad8 20. f3 Nde8 21. Nf5
Qe6 22. Rfe1 Bb4 23. Re2 Ne4 24. fxe4 dxe4 25. Qh3 Bc8 26. Bxe4 Nf6 27. Qg3 Nh5
28. Qg4 g6 29. Nxh6+ Kh7 30. Qxh5 1-0

[Event "21st World Senior Chess Championship"]
[Site "Opatija"]
[Date "2011.11.15"]
[Round "1.13"]
[White "Acosta, Mariano"]
[Black "Kuyindyhi, Alexander A"]
[Result "0-1"]
[WhiteElo "2088"]
[BlackElo "2435"]
[PlyCount "64"]
[EventDate "2011.11.15"]

1. b4 e5 2. Bb2 Bxb4 3. Bxe5 Nf6 4. Nf3 O-O 5. e3 Nc6 6. Bb2 d5 7. a3 Bd6 8. c4
Re8 9. cxd5 Nxd5 10. Be2 Bg4 11. O-O Qd7 12. Nc3 Nxc3 13. Bxc3 Re6 14. Nd4 Bxe2
15. Nxe2 Qe7 16. f4 Rh6 17. Rf3 Rd8 18. Qb3 b6 19. Ng3 Qh4 20. Nf1 Rg6 21. Rc1
Ne7 22. Bb2 Nf5 23. e4 Qg4 24. Rf2 Nh4 25. Qg3 Qh5 26. Qe3 Qb5 27. Rc2 Qa4 28.
d4 Nxg2 29. Rxg2 Qxc2 30. Rxg6 hxg6 31. Bc1 Be7 32. e5 Rxd4 0-1

[Event "21st World Senior Chess Championship"]
[Site "Opatija"]
[Date "2011.11.15"]
[Round "1.16"]
[White "Shvedchikov, Anatoli I"]
[Black "Shubar, Vladimir"]
[Result "1-0"]
[WhiteElo "2423"]
[BlackElo "2083"]
[PlyCount "71"]
[EventDate "2011.11.15"]

1. c4 e6 2. Nf3 Nf6 3. g3 d5 4. Bg2 dxc4 5. Qa4+ Bd7 6. Qxc4 Bc6 7. O-O Be7 8.
Nc3 O-O 9. d4 a6 10. Qd3 b5 11. a3 Nbd7 12. Rd1 Qb8 13. e4 Rd8 14. Qe2 Bb7 15.
Bf4 Nh5 16. Bg5 Re8 17. e5 g6 18. Bxe7 Rxe7 19. Qe3 Ng7 20. g4 f5 21. exf6 Nxf6
22. Ne5 Bxg2 23. Kxg2 Qb7+ 24. Qf3 Qxf3+ 25. Kxf3 Rf8 26. Kg3 Nd7 27. Ne4 Ne8
28. Rac1 Nb6 29. Rc6 a5 30. Rdc1 Nd5 31. f3 Ng7 32. R6c5 Nf4 33. R1c2 c6 34.
Rxc6 b4 35. Ra6 b3 36. Rd2 1-0

[Event "21st World Senior Chess Championship"]
[Site "Rijeka"]
[Date "2011.11.15"]
[Round "1.18"]
[White "Mishuchkov, Nikolai M"]
[Black "Schemm, Michael A"]
[Result "1-0"]
[WhiteElo "2418"]
[BlackElo "2078"]
[PlyCount "50"]
[EventDate "2011.11.15"]

1. Nf3 Nc6 2. d4 d5 3. Bf4 Bg4 4. e3 e6 5. c4 Bb4+ 6. Nc3 Nf6 7. Rc1 Ne4 8. h3
Bh5 9. cxd5 Qxd5 10. Qa4 O-O 11. Qxb4 Nxb4 12. Nxd5 Nxd5 13. Bh2 f6 14. Bd3
Bxf3 15. gxf3 Ng5 16. Ke2 c6 17. f4 Nf7 18. f5 e5 19. e4 Nb4 20. Bc4 b5 21.
Bxf7+ Rxf7 22. dxe5 Nxa2 23. Rxc6 fxe5 24. Rd1 Re8 25. Rc5 g6 1-0

[Event "21st World Senior Chess Championship"]
[Site "Rijeka"]
[Date "2011.11.15"]
[Round "1.21"]
[White "Muratoglu, Salih"]
[Black "Danner, Georg"]
[Result "0-1"]
[WhiteElo "2071"]
[BlackElo "2406"]
[PlyCount "106"]
[EventDate "2011.11.15"]

1. d4 Nf6 2. c4 e6 3. Nc3 Bb4 4. Qc2 Nc6 5. Nf3 d6 6. a3 Bxc3+ 7. Qxc3 O-O 8.
Bg5 h6 9. Bh4 g5 10. Bg3 Ne4 11. Qd3 f5 12. e3 Qf6 13. h3 Nxg3 14. fxg3 e5 15.
Qd2 exd4 16. Nxd4 Qe5 17. Nxc6 Qxg3+ 18. Qf2 Qxf2+ 19. Kxf2 bxc6 20. h4 g4 21.
g3 a5 22. b3 Rb8 23. Rb1 c5 24. Bd3 Be6 25. Rhc1 Kg7 26. Ke2 Rb6 27. Kd2 Kf6
28. Rf1 Rfb8 29. Kc3 c6 30. e4 Rd8 31. Rf4 h5 32. exf5 Bf7 33. Re1 d5 34. Bc2
Rb7 35. Rf2 Re8 36. Rfe2 Rxe2 37. Rxe2 Rd7 38. Bd3 Ra7 39. Re1 Ra8 40. Re2 Rb8
41. Re1 d4+ 42. Kc2 Re8 43. Be4 a4 44. Kd3 axb3 45. Rb1 Ra8 46. Rxb3 Ra4 47.
Kd2 Bxc4 48. Rb6 Rxa3 49. Rxc6+ Ke5 50. Bc2 d3 51. Bd1 Kd4 52. f6 Ra2+ 53. Ke1
Ke3 0-1

[Event "21st World Senior Chess Championship"]
[Site "Rijeka"]
[Date "2011.11.15"]
[Round "1.22"]
[White "Van Riemsdijk, Herman C"]
[Black "Santos, Julio"]
[Result "1-0"]
[WhiteElo "2404"]
[BlackElo "2065"]
[PlyCount "57"]
[EventDate "2011.11.15"]

1. e4 e5 2. Nf3 Nc6 3. Bb5 a6 4. Ba4 Nf6 5. O-O Be7 6. Re1 d6 7. Bxc6+ bxc6 8.
d4 exd4 9. Nxd4 c5 10. Nc6 Qd7 11. Nxe7 Qxe7 12. Nc3 O-O 13. Bg5 Qe6 14. Qf3
Nd7 15. Nd5 Ra7 16. Qg3 Kh8 17. f4 f6 18. Bh4 Nb8 19. Rad1 Nc6 20. Qf2 Rb7 21.
c3 Ne7 22. Nxe7 Qxe7 23. e5 Qf7 24. exd6 Bg4 25. Re7 Qh5 26. Rde1 Rb6 27. dxc7
Rc6 28. Qg3 g5 29. fxg5 1-0

[Event "21st World Senior Chess Championship"]
[Site "Rijeka"]
[Date "2011.11.15"]
[Round "1.23"]
[White "Bondar, Leonid"]
[Black "Chernikov, Oleg L"]
[Result "0-1"]
[WhiteElo "2051"]
[BlackElo "2402"]
[PlyCount "100"]
[EventDate "2011.11.15"]

1. e4 c5 2. Nf3 d6 3. d4 cxd4 4. Nxd4 Nf6 5. Nc3 Nc6 6. Bc4 Bd7 7. O-O g6 8.
Re1 Bg7 9. Nf3 O-O 10. h3 a6 11. a4 Rc8 12. Qe2 Qc7 13. Bd3 Nb4 14. e5 Nxd3 15.
cxd3 dxe5 16. Nxe5 Be6 17. Bf4 Qd8 18. Nc4 Rc5 19. Be3 Rh5 20. Nb6 Nd7 21. a5
Nxb6 22. Bxb6 Qd7 23. Ne4 Rc8 24. Rac1 Bh6 25. Be3 Rxc1 26. Rxc1 Bxe3 27. Qxe3
Rxa5 28. Nc5 Qd5 29. Nxe6 Qxe6 30. Qxe6 fxe6 31. Kf1 Rb5 32. Rc2 e5 33. Ke2 Kf7
34. Kd1 Ke6 35. Re2 Kd6 36. Kc2 Rb4 37. Kc3 a5 38. b3 Rf4 39. f3 Rf8 40. d4
exd4+ 41. Kxd4 e5+ 42. Ke3 b5 43. Ra2 Ra8 44. Kd3 a4 45. bxa4 bxa4 46. Kc4 a3
47. Kb3 Ke6 48. Kc4 Kf5 49. g3 e4 50. f4 h5 0-1

[Event "21st World Senior Chess Championship"]
[Site "Rijeka"]
[Date "2011.11.15"]
[Round "1.24"]
[White "Pushkov, Nikolai"]
[Black "Marcovici, Adrian"]
[Result "1/2-1/2"]
[WhiteElo "2395"]
[BlackElo "2049"]
[PlyCount "66"]
[EventDate "2011.11.15"]

1. Nf3 d5 2. b3 Bf5 3. Bb2 e6 4. e3 Nf6 5. c4 Nbd7 6. Nc3 Be7 7. d4 c6 8. Bd3
Bg6 9. O-O O-O 10. Re1 Ne4 11. Qc2 f5 12. Ne2 Bf7 13. Rad1 Bb4 14. Rf1 Qe7 15.
Qc1 Bh5 16. Nf4 Bxf3 17. gxf3 Ng5 18. Be2 Bd6 19. Kg2 Rf6 20. h4 Rh6 21. Rh1
Nf7 22. Rdg1 Bxf4 23. exf4 Rxh4 24. Ba3 Qf6 25. Rxh4 Qxh4 26. Qe3 Qf6 27. cxd5
exd5 28. Be7 Qg6+ 29. Kf1 Qh6 30. Bg5 Qd6 31. Bd3 Nf6 32. Bxf5 Re8 33. Qd2 Nh5
1/2-1/2

[Event "21st World Senior Chess Championship"]
[Site "Rijeka"]
[Date "2011.11.15"]
[Round "1.26"]
[White "Karasev, Vladimir I"]
[Black "Doubleday, William G"]
[Result "1-0"]
[WhiteElo "2377"]
[BlackElo "2038"]
[PlyCount "63"]
[EventDate "2011.11.15"]

1. e3 Nf6 2. f4 g6 3. b3 Bg7 4. Bb2 O-O 5. Nf3 c5 6. Qc1 d6 7. Be2 Nc6 8. O-O
b6 9. d3 Bb7 10. Nbd2 Qc7 11. e4 e5 12. Nc4 Nd7 13. f5 f6 14. fxg6 hxg6 15. Nh4
Kh7 16. Qe3 Ne7 17. Qh3 Bh6 18. Bc1 Ng8 19. Bg4 d5 20. exd5 f5 21. Nxf5 gxf5
22. Bxf5+ Rxf5 23. Qxf5+ Kh8 24. Bxh6 Bxd5 25. Qg6 Nxh6 26. Qxh6+ Kg8 27. Qg6+
Kh8 28. Rf5 Nf8 29. Qf6+ Qg7 30. Nxe5 Qxf6 31. Rxf6 Re8 32. Rxf8+ 1-0

[Event "21st World Senior Chess Championship"]
[Site "Rijeka"]
[Date "2011.11.15"]
[Round "1.28"]
[White "Filipenko, Alexander V"]
[Black "Hocevar, Nikola"]
[Result "1-0"]
[WhiteElo "2353"]
[BlackElo "2035"]
[PlyCount "84"]
[EventDate "2011.11.15"]

1. e4 c5 2. Nf3 g6 3. c3 Bg7 4. d4 cxd4 5. cxd4 d5 6. e5 Nc6 7. h3 a6 8. Bf4
Bf5 9. Nc3 Qd7 10. Rc1 Be4 11. Be2 e6 12. O-O Nge7 13. Ng5 h6 14. Ngxe4 dxe4
15. Nxe4 Qxd4 16. Nd6+ Kf8 17. Be3 Qxd1 18. Rfxd1 Bxe5 19. Nxb7 Bxb2 20. Rc2
Bf6 21. Bc5 Kg7 22. Bxe7 Nxe7 23. Rd7 Rhf8 24. Rcc7 Nd5 25. Rc6 Rac8 26. Rxe6
Rc1+ 27. Bf1 Nc7 28. Re4 Re8 29. Rxc7 Rxf1+ 30. Kxf1 Rxe4 31. Rxf7+ Kxf7 32.
Nd6+ Ke6 33. Nxe4 Be7 34. Ke2 Ke5 35. Ke3 g5 36. g3 Ba3 37. f4+ gxf4+ 38. gxf4+
Kd5 39. Kd3 Be7 40. Ng3 Ke6 41. Ne4 Kf5 42. Ke3 Kg6 1-0

[Event "21st World Senior Chess Championship"]
[Site "Rijeka"]
[Date "2011.11.15"]
[Round "1.30"]
[White "Pritchett, Craig W"]
[Black "Waisberg, Arnold"]
[Result "1-0"]
[WhiteElo "2343"]
[BlackElo "2021"]
[PlyCount "87"]
[EventDate "2011.11.15"]

1. Nf3 f5 2. c4 Nf6 3. g3 e6 4. Bg2 Nc6 5. O-O d6 6. d4 Be7 7. Nc3 O-O 8. d5
Ne5 9. Nd4 exd5 10. cxd5 Qe8 11. f4 Neg4 12. h3 Nh6 13. Qd3 Bd8 14. Bd2 Kh8 15.
Rae1 Ne4 16. Nxe4 fxe4 17. Qxe4 Qxe4 18. Bxe4 Bxh3 19. Bg2 Bd7 20. Bc3 Re8 21.
e4 Bf6 22. Rc1 Rac8 23. Rfe1 a6 24. Bf3 Ng4 25. Nb3 b6 26. Bxf6 gxf6 27. Nd4 h5
28. Kg2 Kg7 29. Rh1 Rh8 30. Rc3 f5 31. Bxg4 hxg4 32. Rxh8 Kxh8 33. e5 dxe5 34.
fxe5 Kg7 35. e6 Bxe6 36. Nxe6+ Kf6 37. Rxc7 Rxc7 38. Nxc7 Ke5 39. Nxa6 Kxd5 40.
Kf2 Kd4 41. Nc7 Kd3 42. b4 Kc4 43. b5 Kc5 44. Ke3 1-0

[Event "21st World Senior Chess Championship"]
[Site "Rijeka"]
[Date "2011.11.15"]
[Round "1.31"]
[White "Ozbilen, Mehdi Hayri"]
[Black "Yasseen, Aly"]
[Result "1-0"]
[WhiteElo "2020"]
[BlackElo "2342"]
[PlyCount "81"]
[EventDate "2011.11.15"]

1. e4 c5 2. Nc3 Nc6 3. d3 d6 4. g3 g6 5. Bg2 Bg7 6. Nge2 e5 7. O-O Nge7 8. f4
f5 9. Nd5 O-O 10. Nec3 Nxd5 11. Nxd5 Be6 12. exf5 Bxf5 13. c3 Qd7 14. Be3 Rae8
15. Qb3 Kh8 16. Rad1 b5 17. Be4 Bxe4 18. dxe4 exf4 19. Bxf4 Rxe4 20. Qxb5 Rfe8
21. Rd2 h6 22. Rdf2 Re1 23. Kg2 Rxf1 24. Rxf1 Rb8 25. Qe2 Qb7 26. b3 Nd4 27.
Qe4 Nf5 28. Bd2 Ne7 29. c4 Nf5 30. g4 Nh4+ 31. Kg3 g5 32. Qe6 Qc6 33. Re1 Rf8
34. h3 Rf3+ 35. Kh2 Rf2+ 36. Kh1 Rxd2 37. Qf7 Kh7 38. Re7 Rd1+ 39. Kh2 Rd2+ 40.
Kg1 Rd1+ 41. Kf2 1-0

[Event "21st World Senior Chess Championship"]
[Site "Rijeka"]
[Date "2011.11.15"]
[Round "1.33"]
[White "Strand, Oyvin"]
[Black "Sorensen, Bent"]
[Result "0-1"]
[WhiteElo "2016"]
[BlackElo "2321"]
[PlyCount "54"]
[EventDate "2011.11.15"]

1. d4 d5 2. e3 e6 3. Bd3 Nd7 4. Nf3 Bd6 5. O-O f5 6. c4 c6 7. Nc3 Ngf6 8. cxd5
cxd5 9. Bd2 a6 10. a4 O-O 11. Rb1 Ne4 12. Ne1 Qh4 13. f4 Ndf6 14. Nf3 Qh6 15.
b4 Ng4 16. h3 Nxc3 17. Bxc3 Nxe3 18. Qe2 Nxf1 19. Rxf1 Bd7 20. Ne5 Bxe5 21.
dxe5 Bxa4 22. Bd4 Rfc8 23. Bc5 Qg6 24. Kh1 a5 25. g4 axb4 26. Bxb4 Qh6 27. Qf3
d4 0-1

[Event "21st World Senior Chess Championship"]
[Site "Rijeka"]
[Date "2011.11.15"]
[Round "1.34"]
[White "Vikulov, Alexander"]
[Black "Blaeser, Roman"]
[Result "1-0"]
[WhiteElo "2321"]
[BlackElo "2015"]
[PlyCount "75"]
[EventDate "2011.11.15"]

1. Nf3 d5 2. b3 Nf6 3. Bb2 c5 4. g3 Nc6 5. Bg2 e6 6. O-O Be7 7. c4 O-O 8. cxd5
exd5 9. d4 Re8 10. Nc3 Bg4 11. dxc5 Bxc5 12. Na4 Bf8 13. Rc1 Rc8 14. h3 Bf5 15.
e3 Be4 16. a3 Qd6 17. Nc5 b6 18. Nd3 Nd7 19. b4 a6 20. Qb3 Qh6 21. Nf4 Rcd8 22.
Rfd1 Ne7 23. h4 Nf5 24. Nxd5 Bxf3 25. Bxf3 Nxh4 26. gxh4 Qxh4 27. Nf4 Ne5 28.
Bxe5 Rxe5 29. Rxd8 Qxd8 30. Qd3 Qf6 31. Be4 h5 32. Rc8 g6 33. Kf1 Kg7 34. Rc6
Qe7 35. Qc3 Kg8 36. Nd5 Qg5 37. Nf6+ Kg7 38. Nd7 1-0

[Event "21st World Senior Chess Championship"]
[Site "Rijeka"]
[Date "2011.11.15"]
[Round "1.36"]
[White "Leskovar, Mario"]
[Black "Benson, Lachlan"]
[Result "1-0"]
[WhiteElo "2316"]
[BlackElo "2007"]
[PlyCount "67"]
[EventDate "2011.11.15"]

1. d4 Nf6 2. c4 e6 3. Nc3 d5 4. cxd5 exd5 5. Bg5 Be7 6. Qc2 O-O 7. e3 c5 8.
dxc5 Bxc5 9. Bxf6 gxf6 10. Nf3 Nc6 11. Be2 Nb4 12. Qd2 d4 13. exd4 Bxd4 14. O-O
Bxc3 15. Qxc3 Qb6 16. Rfd1 Re8 17. Nd4 Be6 18. Bb5 Nc6 19. Qg3+ Kh8 20. Bxc6
bxc6 21. Qf4 c5 22. Qxf6+ Kg8 23. Qg5+ Kh8 24. Qe5+ Kg8 25. Qg3+ Kh8 26. Nxe6
Qxe6 27. Qc3+ Qe5 28. Qxe5+ Rxe5 29. Rd2 Rb8 30. g3 Kg7 31. Rc1 Rb5 32. Kf1 h5
33. Rc3 h4 34. Kg2 1-0

[Event "21st World Senior Chess Championship"]
[Site "Rijeka"]
[Date "2011.11.15"]
[Round "1.53"]
[White "Neumann, Horst"]
[Black "Dragasevic, Srdja"]
[Result "0-1"]
[WhiteElo "1950"]
[BlackElo "2256"]
[PlyCount "73"]
[EventDate "2011.11.15"]

1. d4 d5 2. Nf3 c6 3. Bf4 Qb6 4. Qc1 Nf6 5. e3 Bf5 6. Bd3 e6 7. Bxf5 exf5 8. h3
Be7 9. O-O O-O 10. Nbd2 Nbd7 11. c4 a5 12. Qc2 g6 13. Ne5 Rfd8 14. Rfc1 Nf8 15.
Ndf3 Ne4 16. cxd5 Rxd5 17. Nd2 Nxd2 18. Qxd2 Ne6 19. Bg3 f4 20. Bxf4 Nxf4 21.
exf4 Qxd4 22. Qxd4 Rxd4 23. Rc4 Rad8 24. Rac1 Rd1+ 25. Kh2 Bf6 26. R1c2 R8d4
27. b3 Rxf4 28. Ng4 Rxc4 29. Rxc4 Bd4 30. Rc2 f5 31. Ne3 Bxe3 32. fxe3 Rd3 33.
Re2 Kf7 34. Kg1 Ke6 35. Kf2 g5 36. Rc2 a4 37. Ke2 0-1

[Event "21st World Senior Chess Championship"]
[Site "Rijeka"]
[Date "2011.11.15"]
[Round "1.54"]
[White "Hammar, Bengt"]
[Black "Filzmaier, Bruno"]
[Result "1-0"]
[WhiteElo "2256"]
[BlackElo "1947"]
[PlyCount "43"]
[EventDate "2011.11.15"]

1. e4 e6 2. d4 d5 3. Nc3 dxe4 4. Nxe4 Nf6 5. Nxf6+ Qxf6 6. Nf3 h6 7. Bd3 Nc6 8.
O-O Bd6 9. c3 O-O 10. Bc2 e5 11. Qd3 g6 12. Bxh6 Bf5 13. Qd2 e4 14. Ng5 Rfe8
15. Rae1 Re7 16. Nxe4 Bxh2+ 17. Kxh2 Qh4+ 18. Kg1 Bxe4 19. Bg5 Qh7 20. Bxe7 Kg7
21. Rxe4 Nxe7 22. Re3 1-0

[Event "21st World Senior Chess Championship-w"]
[Site "Opatija"]
[Date "2011.11.15"]
[Round "1.2"]
[White "Khropova, Larisa"]
[Black "Fatalibekova, Elena"]
[Result "0-1"]
[WhiteElo "2069"]
[BlackElo "2285"]
[PlyCount "96"]
[EventDate "2011.11.15"]

1. Nf3 c5 2. g3 d5 3. Bg2 Nf6 4. O-O g6 5. c4 d4 6. d3 Nc6 7. Bg5 Bg7 8. Nbd2
O-O 9. a3 a5 10. h3 h6 11. Bxf6 exf6 12. Nb3 Qe7 13. Kh2 Be6 14. Nfd2 a4 15.
Nc1 f5 16. b3 axb3 17. Ncxb3 Qd6 18. Qc2 b6 19. Rfb1 f4 20. Ne4 Qc7 21. Qc1
fxg3+ 22. fxg3 f5 23. Ned2 f4 24. Ne4 fxg3+ 25. Kg1 Kh7 26. Nbd2 Be5 27. Nf1
Bf5 28. Qe1 Bxe4 29. Bxe4 Rf2 30. Bg2 Raf8 31. Rb2 Qd7 32. Rxb6 Rxg2+ 33. Kxg2
Rf2+ 34. Qxf2 gxf2 35. Kxf2 Bc7 36. Rb5 Qxh3 37. Rxc5 Qh4+ 38. Kg2 Qg4+ 39. Kf2
Qf4+ 40. Kg2 Nd8 41. Rb1 h5 42. a4 h4 43. Rxc7+ Qxc7 44. Rb5 Qf4 45. a5 h3+ 46.
Kg1 Qg4+ 47. Kf2 Qh4+ 48. Kg1 Qe1 0-1

[Event "21st World Senior Chess Championship-w"]
[Site "Opatija"]
[Date "2011.11.15"]
[Round "1.3"]
[White "Kozlovskaya, Valentina"]
[Black "Battsengel, Shirchin"]
[Result "1-0"]
[WhiteElo "2281"]
[BlackElo "2068"]
[PlyCount "67"]
[EventDate "2011.11.15"]

1. d4 Nf6 2. c4 g6 3. Nc3 Bg7 4. e4 d6 5. Be2 Nbd7 6. Nf3 c5 7. d5 O-O 8. O-O
Ne8 9. Qc2 Ndf6 10. h3 e6 11. Be3 exd5 12. cxd5 a6 13. a4 b6 14. Rfd1 Nc7 15.
Nd2 Nfe8 16. Nc4 Rb8 17. f4 f6 18. Bf3 Bd7 19. Qd2 Qe7 20. Bf2 b5 21. Na5 bxa4
22. Nc6 Bxc6 23. dxc6 Nb5 24. Nd5 Qf7 25. Rxa4 f5 26. exf5 gxf5 27. Re1 Nd4 28.
Rxd4 Bxd4 29. Bxd4 cxd4 30. Re7 Qg6 31. Qxd4 Rf7 32. b4 Kf8 33. Bh5 Rxb4 34.
Qh8+ 1-0